| 000 | 00423nam a22001577a 4500 | ||
|---|---|---|---|
| 005 | 20260425151918.0 | ||
| 008 | 160613b xxu||||| |||| 00| 0 eng d | ||
| 041 | _aeng | ||
| 082 | _b7167 | ||
| 100 |
_aSawhney AIC & Sawhney P. _91764 |
||
| 245 | _aA Course in Mechanical Measurements and Instrumentation & Control | ||
| 260 |
_bDhapat Raj & Co _c2001 |
||
| 300 | _a940 | ||
| 650 |
_aDIPLOMA ENGINEERING _9817 |
||
| 942 | _cBK | ||
| 999 |
_c2482 _d2481 |
||